Statistics for Beatitudes (Matthew 5:3-12) - BIble

Click here to take the quiz!

General Stats

  • This quiz has been taken 1,039 times
  • The average score is 7 of 13

Answer Stats

HintAnswer% Correct
Blessed are the ______, for they shall inherit the earth.meek
95%
Blessed are those who ______, for they shall be comforted.mourn
75%
For great is your ______ in heaven,reward
71%
Blessed are the _______, for they shall obtain mercy.merciful
70%
Blessed are the _____, for they shall be called the sons of God.peacemakers
64%
Rejoice and be exceedingly _____,glad
63%
Blessed are the ___ ____ ____, for theirs is the kingdom of heaven.poor in spirit
61%
Blessed are those who are _______ for righteousness sake, the theirs is the kingdom of heaven.persecuted
54%
Blessed are those who ____ _____ _____ for righteousness, for they shall be filled.hunger and thirst
51%
for so they persecuted the ______ who were before you.prophets
42%
Blessed are the ____ __ _____, for they shall see God.pure in heart
40%
Blessed are you when they ____ and persecute you,revile
26%
and say all kinds of evil against you _____ for My sake.falsely
20%

Score Distribution

Percentile by Number Answered

Percent of People with Each Score

Your Score History

You have not taken this quiz